[Event "Kemerovo-ch"]
[Site "Kemerovo"]
[Date "2011.03.20"]
[Round "8"]
[White "Dralov, Vladimir"]
[Black "Ganichev, Boris"]
[Result "1-0"]
[WhiteElo "2233"]
[BlackElo "2060"]
[PlyCount "179"]
[EventDate "2011.02.20"]
[EventType "swiss"]
[EventRounds "9"]
[EventCountry "RUS"]
[SourceTitle "CBM 141 Extra"]
[Source "ChessBase"]
[SourceDate "2011.05.03"]
[SourceVersion "1"]
[SourceVersionDate "2011.05.03"]
[SourceQuality "1"]

1. Nf3 g6 2. d4 Bg7 3. c4 c5 4. e4 cxd4 5. Nxd4 Nc6 6. Be3 Qa5+ 7. Nc3 Nf6 8. Nb3 Qd8 9. Be2 d6 10. 0-0 0-0 11. f3 Bd7 12. Rf2 Qc8 13. Rc1 b6 14. Bf1 Rd8 15. Nd5 Qb7 16. Bg5 Be8 17. Bxf6 exf6 18. Qd2 Ne7 19. Nxe7+ Qxe7 20. Nd4 Qe5 21. Rd1 Rac8 22. b3 h5 23. g3 Bd7 24. Qd3 Qc5 25. Qd2 a5 26. Kh1 Bf8 27. a4 Re8 28. Bg2 f5 29. Rff1 fxe4 30. fxe4 Bg7 31. Nc2 Bg4 32. Rde1 Re7 33. Qd3 Rce8 34. Ne3 Be6 35. Rd1 Be5 36. Nd5 Bxd5 37. Qxd5 Kg7 38. Qd2 Qc8 39. Qf2 Qe6 40. Rd3 Rh8 41. Rf3 f6 42. Kg1 h4 43. gxh4 Qg4 44. h3 Qxe4 45. Kh1 Qd4 46. Qxd4 Bxd4 47. Rf4 Be5 48. Rg4 Rh6 49. Be4 Bc3 50. Rfg1 Rxe4 51. Rxe4 Be5 52. Reg4 f5 53. Rg5 Kf6 54. h5 gxh5 55. h4 Bf4 56. Rg8 Be3 57. Re1 f4 58. Kg2 Ke5 59. Rd1 Ke6 60. Kf3 Kf7 61. Rg5 Ke7 62. Rdd5 Bc1 63. Rg7+ Ke6 64. Rgg5 Kd7 65. Rxh5 Re6 66. Rd3 Kc6 67. Rg5 Re1 68. Rgd5 Ba3 69. Kxf4 Rh1 70. h5 Rf1+ 71. Kg5 Bc1+ 72. Kg6 Rg1+ 73. Kf5 Rf1+ 74. Kg4 Rf4+ 75. Kg3 Rf6 76. Rf3 Re6 77. Kg4 Re4+ 78. Kf5 Rh4 79. Ke6 Re4+ 80. Kf7 Rh4 81. Rg3 Rf4+ 82. Kg8 Re4 83. Rg6 Bf4 84. h6 Re8+ 85. Kf7 Rh8 86. Kg7 Re8 87. h7 Re7+ 88. Kg8 Re8+ 89. Kf7 Rc8 90. Rg8 1-0

[Event "Kemerovo op 08"]
[Site "Kemerovo"]
[Date "2010.08.27"]
[Round "9"]
[White "Dralov, Vladimir"]
[Black "Pavlovskiy, Pavel"]
[Result "1-0"]
[WhiteElo "2234"]
[BlackElo "2095"]
[PlyCount "89"]
[EventDate "2010.08.21"]
[EventType "swiss"]
[EventRounds "9"]
[EventCountry "RUS"]
[SourceTitle "CBM 138 Extra"]
[Source "ChessBase"]
[SourceDate "2010.10.29"]
[SourceVersion "1"]
[SourceVersionDate "2010.10.29"]
[SourceQuality "1"]

1. Nf3 d5 2. d4 Nf6 3. c4 c6 4. Nc3 a6 5. e3 b5 6. cxd5 cxd5 7. Bd3 e6 8. 0-0 Be7 9. Bd2 0-0 10. Ne5 Bb7 11. Rc1 Nfd7 12. f4 f6 13. Qh5 f5 14. g4 Nxe5 15. fxe5 g6 16. Qh3 Nc6 17. Ne2 Bg5 18. Nf4 Qd7 19. gxf5 exf5 20. Qg2 Bxf4 21. Rxf4 Rf7 22. Rcf1 Kh8 23. Be1 Rg8 24. h3 Nd8 25. Bb4 Ne6 26. R4f2 Rc8 27. Bd6 Rc6 28. Be2 Rc2 29. Bd1 Rxf2 30. Qxf2 Ng5 31. Qh4 Ne6 32. Qh6 a5 33. b4 axb4 34. Bxb4 Ba6 35. Be2 Qc8 36. Bd3 Rc7 37. Qh4 Kg8 38. Qf6 Rf7 39. Qh4 Rc7 40. Qe1 Ng5 41. Qg3 Ne4 42. Bxe4 dxe4 43. e6 Rc4 44. e7 Qd7 45. Qd6 1-0

[Event "Kemerovo op 08"]
[Site "Kemerovo"]
[Date "2010.08.25"]
[Round "7"]
[White "Dralov, Vladimir"]
[Black "Cheremnova, Tamara"]
[Result "1/2-1/2"]
[WhiteElo "2234"]
[BlackElo "2225"]
[PlyCount "43"]
[EventDate "2010.08.21"]
[EventType "swiss"]
[EventRounds "9"]
[EventCountry "RUS"]
[SourceTitle "CBM 138 Extra"]
[Source "ChessBase"]
[SourceDate "2010.10.29"]
[SourceVersion "1"]
[SourceVersionDate "2010.10.29"]
[SourceQuality "1"]

1. Nf3 d5 2. d4 c6 3. c4 e6 4. Nc3 dxc4 5. a4 Bb4 6. e4 b5 7. Bd2 a5 8. axb5 Bxc3 9. Bxc3 cxb5 10. b3 Bb7 11. Qb1 Nf6 12. bxc4 b4 13. Bd3 Qc7 14. Bd2 Nc6 15. e5 Nd7 16. 0-0 Ne7 17. Ng5 Rd8 18. Be3 h6 19. Ne4 Nf5 20. Nd6+ Nxd6 21. exd6 Qxd6 22. Rxa5 1/2-1/2

[Event "Kemerovo op 08"]
[Site "Kemerovo"]
[Date "2010.08.24"]
[Round "6"]
[White "Nigametzianov, Mikhail"]
[Black "Dralov, Vladimir"]
[Result "1-0"]
[WhiteElo "2398"]
[BlackElo "2234"]
[PlyCount "167"]
[EventDate "2010.08.21"]
[EventType "swiss"]
[EventRounds "9"]
[EventCountry "RUS"]
[SourceTitle "CBM 138 Extra"]
[Source "ChessBase"]
[SourceDate "2010.10.29"]
[SourceVersion "1"]
[SourceVersionDate "2010.10.29"]
[SourceQuality "1"]

1. c4 e6 2. d4 Nf6 3. Nf3 d5 4. Nc3 Be7 5. Bg5 0-0 6. e3 h6 7. Bh4 b6 8. Bxf6 Bxf6 9. cxd5 exd5 10. b4 c5 11. bxc5 bxc5 12. Bb5 Bg4 13. 0-0 cxd4 14. exd4 Qa5 15. Rc1 a6 16. Be2 Nc6 17. h3 Bxf3 18. Bxf3 Nxd4 19. Nxd5 Nxf3+ 20. Qxf3 Bg5 21. Rc2 Rad8 22. Rd1 Rd6 23. Nc3 Rxd1+ 24. Qxd1 Rc8 25. Ne4 Rxc2 26. Qxc2 Bd8 27. Qc4 Be7 28. g3 Qb4 29. Qd5 Qb8 30. Kg2 Kf8 31. Qc6 a5 32. g4 Qd8 33. Nc3 Qe8 34. Qd5 Bb4 35. Ne4 Qe6 36. Qxe6 fxe6 37. Kf3 Ke7 38. Ke3 Ba3 39. Kd4 Kd7 40. Kc4 Kc6 41. h4 Bc1 42. Nc5 e5 43. Nd3 Bd2 44. Nxe5+ Kd6 45. Nf3 Bb4 46. h5 Ba3 47. Kd3 Bc5 48. Nd2 Kd5 49. f3 Ke5 50. a4 Kf4 51. Ke2 Bb4 52. Nc4 Bc3 53. Ne3 Ke5 54. Kd3 Be1 55. Ng2 Bb4 56. f4+ Ke6 57. Ne3 Bd6 58. Ke4 Bb4 59. Nf5 Kf6 60. Nd4 Bd6 61. Ne2 Ke6 62. Nc3 Bb4 63. Nd5 Bd2 64. Kd4 Kd6 65. f5 Bc1 66. Ke4 Bb2 67. Nf4 Bc3 68. Nd5 Bb2 69. f6 gxf6 70. Ne3 Ke6 71. Nf5 Bc1 72. Nd4+ Kd6 73. Nb3 Bg5 74. Nxa5 Kc5 75. Nb3+ Kb4 76. a5 Kb5 77. Kf5 Be3 78. Ke4 Ba7 79. Kd5 Be3 80. a6 Kxa6 81. Nc5+ Kb6 82. Nd7+ Kc7 83. Ke6 Bd4 84. Nxf6 1-0

[Event "Kemerovo-ch"]
[Site "Kemerovo"]
[Date "2009.03.22"]
[Round "9"]
[White "Denisov, Nikolay"]
[Black "Dralov, Vladimir"]
[Result "0-1"]
[WhiteElo "2116"]
[BlackElo "2223"]
[PlyCount "54"]
[EventDate "2009.03.16"]
[EventType "swiss"]
[EventRounds "9"]
[EventCountry "RUS"]
[SourceTitle "EXT 2010"]
[Source "ChessBase"]
[SourceDate "2010.11.25"]
[SourceVersion "1"]
[SourceVersionDate "2010.11.25"]
[SourceQuality "1"]

1. c4 Nf6 2. Nf3 e6 3. g3 d5 4. Bg2 Nbd7 5. d3 Be7 6. 0-0 0-0 7. Nc3 c6 8. b3 Qc7 9. Qc2 Rd8 10. Bd2 dxc4 11. bxc4 e5 12. Rad1 Nf8 13. h3 Ne6 14. Be3 Nd4 15. Nxd4 exd4 16. Bf4 Qa5 17. Ne4 Nxe4 18. dxe4 Be6 19. Rb1 Rd7 20. Bd2 Qa6 21. Rfc1 Ba3 22. f4 Bxc1 23. Rxc1 f6 24. g4 Rad8 25. Bf1 Qa3 26. Kh2 Bf7 27. Rb1 Qc5 0-1

[Event "Kemerovo-ch"]
[Site "Kemerovo"]
[Date "2009.03.19"]
[Round "5"]
[White "Koveshnikova, Daria"]
[Black "Dralov, Vladimir"]
[Result "0-1"]
[WhiteElo "2004"]
[BlackElo "2223"]
[PlyCount "76"]
[EventDate "2009.03.16"]
[EventType "swiss"]
[EventRounds "9"]
[EventCountry "RUS"]
[SourceTitle "EXT 2010"]
[Source "ChessBase"]
[SourceDate "2010.11.25"]
[SourceVersion "1"]
[SourceVersionDate "2010.11.25"]
[SourceQuality "1"]

1. Nf3 d5 2. d4 e6 3. c4 Nf6 4. g3 Be7 5. Bg2 0-0 6. 0-0 c6 7. Qc2 Nbd7 8. Nbd2 b5 9. cxb5 cxb5 10. e4 Bb7 11. Ne5 Rc8 12. Qd3 dxe4 13. Nxe4 Nxe5 14. Nxf6+ Bxf6 15. Qxb5 Bxg2 16. Kxg2 Qxd4 17. Qe2 Qd3 18. Qxd3 Nxd3 19. Be3 a5 20. Bb6 a4 21. Rad1 Nxb2 22. Rd7 Nc4 23. Bd4 Bxd4 24. Rxd4 Rfd8 25. Rh4 a3 26. Rb1 Nb2 27. Re1 Rd2 28. Re3 Rcc2 29. Rxa3 Rxf2+ 30. Kg1 g6 31. Rd4 e5 32. Rd8+ Kg7 33. Re3 Rg2+ 34. Kf1 Rxh2 35. Kg1 Nc4 36. Red3 Rcg2+ 37. Kf1 Nd2+ 38. Rxd2 Rxd2 0-1

[Event "Kemerovo-ch"]
[Site "Kemerovo"]
[Date "2009.03.17"]
[Round "2"]
[White "Dralov, Vladimir"]
[Black "Borodaenko, Dmitry"]
[Result "1/2-1/2"]
[WhiteElo "2223"]
[BlackElo "2079"]
[PlyCount "113"]
[EventDate "2009.03.16"]
[EventType "swiss"]
[EventRounds "9"]
[EventCountry "RUS"]
[SourceTitle "EXT 2010"]
[Source "ChessBase"]
[SourceDate "2010.11.25"]
[SourceVersion "1"]
[SourceVersionDate "2010.11.25"]
[SourceQuality "1"]

1. Nf3 e6 2. c4 Nf6 3. Nc3 Bb4 4. Qc2 b6 5. a3 Bxc3 6. Qxc3 Bb7 7. d3 d6 8. Bg5 Nbd7 9. e4 e5 10. g3 0-0 11. Bg2 h6 12. Bd2 Nc5 13. Nh4 Ne6 14. Nf5 c5 15. 0-0 Nd4 16. Nxd4 cxd4 17. Qb3 Nd7 18. f4 Nc5 19. Qc2 Bc6 20. b4 Ba4 21. Qb1 Nb3 22. Ra2 Nxd2 23. Rxd2 Bd7 24. Rdf2 f6 25. Qd1 Rc8 26. fxe5 dxe5 27. Qh5 Qe8 28. Qh4 Qe6 29. Bf3 b5 30. c5 Qb3 31. Bg4 Bxg4 32. Qxg4 Kh8 33. Qg6 Qxd3 34. Rf3 Qd2 35. h4 a5 36. g4 axb4 37. axb4 Ra8 38. g5 Ra7 39. R1f2 Qc1+ 40. Rf1 Qc4 41. gxh6 Qg8 42. h7 Qxh7 43. Qg4 Rfa8 44. Rf5 g6 45. Rxf6 Ra1 46. R6f2 Qh6 47. Qg3 Qh5 48. Rxa1 Rxa1+ 49. Kg2 Kg7 50. Rc2 d3 51. Rd2 Rd1 52. Rxd1 Qe2+ 53. Kh3 Qxd1 54. Qxe5+ Kf7 55. Qf4+ Kg8 56. Qb8+ Kg7 57. Qc7+ 1/2-1/2

[Event "Kemerovo Sports School-ch"]
[Site "Kemerovo"]
[Date "2008.10.25"]
[Round "7"]
[White "Dralov, Vladimir"]
[Black "Gontcharov, Vladislav"]
[Result "0-1"]
[WhiteElo "2223"]
[BlackElo "2425"]
[PlyCount "104"]
[EventDate "2008.10.18"]
[EventType "swiss"]
[EventRounds "9"]
[EventCountry "RUS"]
[SourceTitle "EXT 2022"]
[Source "ChessBase"]
[SourceDate "2021.10.06"]
[SourceVersion "1"]
[SourceVersionDate "2021.10.06"]
[SourceQuality "1"]

1. Nf3 Nf6 2. c4 e6 3. Nc3 d5 4. d4 Nbd7 5. Bg5 Be7 6. e3 h6 7. Bh4 0-0 8. Bd3 c5 9. 0-0 cxd4 10. exd4 dxc4 11. Bxc4 a6 12. Bg3 b5 13. Bd3 Bb7 14. Qe2 Nb6 15. Rfd1 Nbd5 16. Ne5 Rc8 17. Ne4 Qb6 18. Nf3 Nxe4 19. Bxe4 f5 20. Bxd5 Bxd5 21. Be5 Rc6 22. Ne1 Rfc8 23. Qe3 Qd8 24. Qg3 Qf8 25. h4 Qf7 26. Kh2 Kh7 27. Kg1 Rg8 28. Rdc1 g5 29. Rxc6 Bxc6 30. Rc1 gxh4 31. Qxg8+ Kxg8 32. Rxc6 Bd8 33. Nd3 Qd7 34. Rd6 Qc8 35. Nc5 Be7 36. Rd7 Bxc5 37. Rc7 Qxc7 38. Bxc7 Bxd4 39. b3 Kf7 40. Kf1 Bf6 41. Ke2 e5 42. a4 bxa4 43. bxa4 Ke6 44. Kd3 Kd5 45. f3 h5 46. Ba5 e4+ 47. Ke2 Bg5 48. Bc7 Kc4 49. fxe4 fxe4 50. a5 Kd5 51. Bb6 Ke6 52. Bf2 Kf5 0-1

[Event "Kemerovo Sports School-ch"]
[Site "Kemerovo"]
[Date "2008.10.19"]
[Round "2"]
[White "Emeljashin, Yury"]
[Black "Dralov, Vladimir"]
[Result "0-1"]
[WhiteElo "2074"]
[BlackElo "2223"]
[PlyCount "62"]
[EventDate "2008.10.18"]
[EventType "swiss"]
[EventRounds "9"]
[EventCountry "RUS"]
[SourceTitle "EXT 2022"]
[Source "ChessBase"]
[SourceDate "2021.10.06"]
[SourceVersion "1"]
[SourceVersionDate "2021.10.06"]
[SourceQuality "1"]

1. e4 c5 2. Nf3 Nc6 3. Bb5 g6 4. 0-0 Bg7 5. c3 Nf6 6. Re1 0-0 7. e5 Nd5 8. d4 cxd4 9. cxd4 d6 10. Bxc6 bxc6 11. Nc3 Bg4 12. h3 Nxc3 13. bxc3 Bxf3 14. Qxf3 dxe5 15. Qxc6 exd4 16. Ba3 dxc3 17. Rxe7 Rc8 18. Qa4 Re8 19. Rd7 Qg5 20. Rc1 a5 21. Qb3 Qf4 22. g3 Qf3 23. Be7 Be5 24. Qc2 Bxg3 25. Rd3 Bxf2+ 26. Kh2 Qf4+ 27. Kg2 Rxe7 28. Rf1 Qe4+ 29. Kxf2 Rd7 30. Rfd1 Rxd3 31. Rxd3 Qxd3 0-1

[Event "Kemerovo op"]
[Site "Kemerovo"]
[Date "2008.08.27"]
[Round "7"]
[White "Pereboev, Konstantin Gennadie"]
[Black "Dralov, Vladimir"]
[Result "1/2-1/2"]
[WhiteElo "2218"]
[BlackElo "2199"]
[PlyCount "106"]
[EventDate "2008.08.23"]
[EventType "swiss"]
[EventRounds "9"]
[EventCountry "RUS"]
[SourceTitle "CBM 126 Extra"]
[Source "ChessBase"]
[SourceDate "2008.11.05"]
[SourceVersion "1"]
[SourceVersionDate "2008.11.05"]
[SourceQuality "1"]

1. d4 d5 2. Nf3 e6 3. c4 Nf6 4. Nbd2 Be7 5. g3 0-0 6. Bg2 c5 7. dxc5 Bxc5 8. 0-0 Nc6 9. Qc2 Be7 10. Rd1 Qb6 11. cxd5 exd5 12. Nb3 Be6 13. Be3 Qa6 14. Nbd4 Nxd4 15. Nxd4 Rac8 16. Qd3 Qxd3 17. Rxd3 a6 18. h3 Rc4 19. b3 Rc7 20. Rc1 Rxc1+ 21. Bxc1 Rc8 22. Bb2 Bd7 23. Rc3 Rxc3 24. Bxc3 Ne4 25. Bb2 a5 26. e3 g6 27. Ne2 Bc6 28. f3 Nd6 29. Nd4 Bd7 30. a4 b5 31. axb5 Nxb5 32. Nxb5 Bxb5 33. Bf1 Bd7 34. Bc3 a4 35. bxa4 Bxa4 36. Kf2 h5 37. Ba6 Bd7 38. h4 Bc6 39. Be5 f6 40. Bd4 Kf7 41. Bc8 Bd6 42. g4 hxg4 43. fxg4 Ba4 44. Bb7 Bb3 45. Kg2 Be5 46. Kh3 Bc4 47. Kg2 Bb3 48. h5 gxh5 49. gxh5 Kg7 50. Kh3 Bd1 51. Kh4 Kh6 52. Bc5 Bxh5 53. Bf8+ Kg6 1/2-1/2

[Event "Kemerovo op"]
[Site "Kemerovo"]
[Date "2008.08.26"]
[Round "5"]
[White "Baboyan, Eduard"]
[Black "Dralov, Vladimir"]
[Result "1-0"]
[WhiteElo "2125"]
[BlackElo "2199"]
[PlyCount "55"]
[EventDate "2008.08.23"]
[EventType "swiss"]
[EventRounds "9"]
[EventCountry "RUS"]
[SourceTitle "CBM 126 Extra"]
[Source "ChessBase"]
[SourceDate "2008.11.05"]
[SourceVersion "1"]
[SourceVersionDate "2008.11.05"]
[SourceQuality "1"]

1. d4 d5 2. c4 e6 3. Nf3 Nf6 4. Nc3 Be7 5. Bg5 0-0 6. e3 h6 7. Bh4 b6 8. Ne5 Bb7 9. f4 Nbd7 10. Be2 dxc4 11. Bxc4 Ne4 12. Bxe7 Qxe7 13. 0-0 Nxe5 14. fxe5 Qg5 15. Qe2 c5 16. Nxe4 Bxe4 17. Rf4 Bf5 18. Raf1 cxd4 19. exd4 h5 20. d5 Bg4 21. Qe4 Bf5 22. Qf3 Bg4 23. Qg3 b5 24. Bb3 Qd8 25. h3 Be2 26. R1f2 Bc4 27. Bxc4 bxc4 28. dxe6 1-0

[Event "Kemerovo op"]
[Site "Kemerovo"]
[Date "2008.08.25"]
[Round "4"]
[White "Dralov, Vladimir"]
[Black "Konev, Kirill"]
[Result "1/2-1/2"]
[WhiteElo "2199"]
[BlackElo "2269"]
[PlyCount "125"]
[EventDate "2008.08.23"]
[EventType "swiss"]
[EventRounds "9"]
[EventCountry "RUS"]
[SourceTitle "CBM 126 Extra"]
[Source "ChessBase"]
[SourceDate "2008.11.05"]
[SourceVersion "1"]
[SourceVersionDate "2008.11.05"]
[SourceQuality "1"]

1. Nf3 Nf6 2. c4 g6 3. Nc3 Bg7 4. e4 d6 5. d4 0-0 6. Be2 c5 7. 0-0 cxd4 8. Nxd4 Nc6 9. Be3 Bd7 10. Rc1 Nxd4 11. Bxd4 Bc6 12. f3 a5 13. Rf2 Nd7 14. Bxg7 Kxg7 15. Qd4+ Kg8 16. Bf1 Qb6 17. Qxb6 Nxb6 18. Nd5 Bxd5 19. cxd5 Rfc8 20. Rfc2 Rxc2 21. Rxc2 Rc8 22. Rxc8+ Nxc8 23. Kf2 Nb6 24. Bb5 e6 25. dxe6 fxe6 26. Ke3 g5 27. Kd4 Kf7 28. b3 Ke7 29. a3 h6 30. g3 e5+ 31. Kd3 d5 32. exd5 Nxd5 33. Bc4 Nf6 34. Ke3 Kd6 35. Bf7 Kc5 36. Be6 Kd6 37. Bf7 b6 38. Bc4 Ke7 39. Kd3 Kd6 40. Ke3 Kc5 41. Be6 b5 42. Kd3 Kd6 43. Bf7 Ke7 44. Bg6 Nd7 45. Bf5 Nc5+ 46. Kc3 Kd6 47. Bg6 Ne6 48. Bd3 Kc5 49. b4+ axb4+ 50. axb4+ Kb6 51. h3 Nc7 52. Be4 Ne8 53. Kd3 Nf6 54. Ke3 Nh5 55. Kf2 Ng7 56. f4 exf4 57. gxf4 gxf4 58. Kf3 Ne6 59. Bf5 Nd4+ 60. Kxf4 Nc6 61. Bd7 Nxb4 62. Bxb5 Kxb5 63. Kf5 1/2-1/2

[Event "Kemerovo op"]
[Site "Kemerovo"]
[Date "2008.08.24"]
[Round "2"]
[White "Fanaskov, Artem"]
[Black "Dralov, Vladimir"]
[Result "0-1"]
[WhiteElo "2028"]
[BlackElo "2199"]
[PlyCount "84"]
[EventDate "2008.08.23"]
[EventType "swiss"]
[EventRounds "9"]
[EventCountry "RUS"]
[SourceTitle "CBM 126 Extra"]
[Source "ChessBase"]
[SourceDate "2008.11.05"]
[SourceVersion "1"]
[SourceVersionDate "2008.11.05"]
[SourceQuality "1"]

1. d4 d5 2. c4 e6 3. Nc3 Nf6 4. Nf3 Be7 5. e3 0-0 6. Bd3 b6 7. 0-0 dxc4 8. Bxc4 Bb7 9. b3 c5 10. Bb2 cxd4 11. Nxd4 Nc6 12. Nxc6 Bxc6 13. Qe2 Qd6 14. e4 Qf4 15. g3 Qh6 16. f3 Rad8 17. Rad1 Bc5+ 18. Kg2 Rc8 19. Nb5 Ra8 20. Nd4 Bb7 21. Nc2 Qg6 22. Bd3 Qg5 23. h4 Qh5 24. Rh1 Be7 25. b4 Nd7 26. g4 Qg6 27. Kf1 f6 28. Bc4 Ne5 29. Bxe6+ Kh8 30. a3 a5 31. b5 Bc5 32. Nd4 Bxd4 33. Bxd4 Nxf3 34. Qxf3 Bxe4 35. Qh3 Bxh1 36. Qxh1 f5 37. Qd5 fxg4+ 38. Kg1 Rad8 39. Qc4 g3 40. h5 Qxh5 41. Bxg7+ Kxg7 42. Qc7+ Kh6 0-1

[Event "Kemerovo op"]
[Site "Kemerovo"]
[Date "2008.08.23"]
[Round "1"]
[White "Dralov, Vladimir"]
[Black "Nigametzianov, Mikhail"]
[Result "0-1"]
[WhiteElo "2199"]
[BlackElo "2372"]
[PlyCount "108"]
[EventDate "2008.08.23"]
[EventType "swiss"]
[EventRounds "9"]
[EventCountry "RUS"]
[SourceTitle "CBM 126 Extra"]
[Source "ChessBase"]
[SourceDate "2008.11.05"]
[SourceVersion "1"]
[SourceVersionDate "2008.11.05"]
[SourceQuality "1"]

1. Nf3 Nf6 2. c4 e6 3. Nc3 d5 4. d4 c6 5. Bg5 Nbd7 6. e3 Qa5 7. Nd2 Bb4 8. Qc2 dxc4 9. Bxf6 Nxf6 10. Nxc4 Qd5 11. a3 Bxc3+ 12. bxc3 c5 13. Ne5 0-0 14. Qa2 Qd6 15. Be2 Nd7 16. Nc4 Qc7 17. 0-0 b6 18. Bf3 Rb8 19. Rfd1 Ba6 20. Nd2 Rbc8 21. h3 Nf6 22. a4 Bb7 23. a5 Bxf3 24. Nxf3 Nd5 25. Rdc1 cxd4 26. cxd4 Qxc1+ 27. Rxc1 Rxc1+ 28. Kh2 Rfc8 29. axb6 axb6 30. Ne5 R1c7 31. Qa6 Rb8 32. h4 h6 33. e4 Nf6 34. f3 Nd7 35. Qb5 Nxe5 36. Qxe5 Rcb7 37. Qb5 Rd8 38. d5 exd5 39. exd5 Rbd7 40. Qxb6 Rxd5 41. g4 Rd3 42. g5 hxg5 43. hxg5 g6 44. Kg2 R3d5 45. Qf6 R8d6 46. Qf4 Rb6 47. Qc1 Rb8 48. Kf2 Rf5 49. f4 Rb3 50. Kg2 Ra5 51. Qd2 Raa3 52. Qf2 Ra1 53. Qe2 Raa3 54. Qf2 Rd3 0-1

[Event "Sibiria Region-chT"]
[Site "Kemerovo"]
[Date "2007.12.11"]
[Round "5"]
[White "Dralov, Vladimir"]
[Black "Zablotsky, Sergei"]
[Result "0-1"]
[WhiteElo "2233"]
[BlackElo "2518"]
[PlyCount "78"]
[EventDate "2007.12.07"]
[EventType "team"]
[EventRounds "7"]
[EventCountry "RUS"]
[SourceTitle "CBM 122 Extra"]
[Source "ChessBase"]
[SourceDate "2008.03.04"]
[SourceVersion "1"]
[SourceVersionDate "2008.03.04"]
[SourceQuality "1"]

1. Nf3 Nf6 2. c4 e6 3. Nc3 d5 4. d4 c6 5. Bg5 Nbd7 6. e3 Qa5 7. Nd2 Bb4 8. Qc2 Ne4 9. Ndxe4 dxe4 10. Bh4 0-0 11. Be2 g5 12. Bg3 f5 13. h4 f4 14. Bh2 e5 15. hxg5 fxe3 16. fxe3 exd4 17. exd4 Qxg5 18. a3 Qh4+ 19. Kd1 Bxc3 20. Qxc3 Rf2 21. Qg3+ Qxg3 22. Bxg3 Rxg2 23. Bd6 Nf6 24. Kd2 Bg4 25. Rae1 Kf7 26. Be5 h5 27. Ke3 Bxe2 28. Rxe2 Ng4+ 29. Kd2 Rxe2+ 30. Kxe2 Kg6 31. Bd6 Rd8 32. c5 Rd7 33. b4 Rf7 34. Rb1 Rf2+ 35. Ke1 h4 36. b5 h3 37. d5 cxd5 38. c6 bxc6 39. bxc6 Rc2 0-1

[Event "Sibiria Region-chT"]
[Site "Kemerovo"]
[Date "2007.12.08"]
[Round "2"]
[White "Davidov, Roman"]
[Black "Dralov, Vladimir"]
[Result "1-0"]
[WhiteElo "2236"]
[BlackElo "2233"]
[PlyCount "115"]
[EventDate "2007.12.07"]
[EventType "team"]
[EventRounds "7"]
[EventCountry "RUS"]
[SourceTitle "CBM 122 Extra"]
[Source "ChessBase"]
[SourceDate "2008.03.04"]
[SourceVersion "1"]
[SourceVersionDate "2008.03.04"]
[SourceQuality "1"]

1. Nf3 d5 2. c4 e6 3. g3 c6 4. Bg2 Be7 5. 0-0 Nd7 6. b3 Ngf6 7. Bb2 b5 8. d3 Bb7 9. Nbd2 Qb6 10. Qc2 0-0 11. Bc3 a6 12. a4 c5 13. e4 Rfd8 14. exd5 exd5 15. cxb5 axb5 16. d4 b4 17. Bb2 Rac8 18. Rac1 Ba6 19. Rfe1 Bf8 20. Bf1 Bb7 21. Qd3 Ne4 22. Qb5 Qa7 23. Nxe4 dxe4 24. Ng5 h6 25. Nxe4 cxd4 26. Rxc8 Bxc8 27. Rd1 Nb8 28. Bc1 Bb7 29. Bd3 Nd7 30. Qf5 g6 31. Qf4 Qb6 32. Bc4 Bg7 33. Qxf7+ Kh8 34. Bd5 Bxd5 35. Qxd5 Ne5 36. Qb5 Qe6 37. Nd2 Qf5 38. Rf1 Qh3 39. Qb7 d3 40. Bb2 Qg4 41. f3 Qe6 42. Nc4 d2 43. Rd1 Rf8 44. Bxe5 Bxe5 45. Qe4 Re8 46. Rxd2 Bc3 47. Qxe6 Rxe6 48. Rd8+ Kg7 49. Kf2 Re1 50. a5 Ra1 51. Ke3 Re1+ 52. Kf4 Ra1 53. Rd7+ Kf6 54. Rd6+ Kf7 55. a6 Bf6 56. Ke4 Ke7 57. Kd5 Kf7 58. Rb6 1-0

[Event "Kemerovo"]
[Site "Kemerovo"]
[Date "2007.08.11"]
[Round "9"]
[White "Kljucharev, Sergey"]
[Black "Dralov, Vladimir"]
[Result "1/2-1/2"]
[WhiteElo "2320"]
[BlackElo "2196"]
[PlyCount "23"]
[EventDate "2007.08.06"]
[EventType "tourn"]
[EventRounds "11"]
[EventCountry "RUS"]
[SourceTitle "CBM 119 Extra"]
[Source "ChessBase"]
[SourceDate "2007.09.04"]
[SourceVersion "1"]
[SourceVersionDate "2007.09.04"]
[SourceQuality "1"]

1. Nf3 d5 2. c4 d4 3. e3 c5 4. b4 dxe3 5. fxe3 cxb4 6. d4 e6 7. Bd3 Nc6 8. 0-0 g6 9. Bb2 Bg7 10. Qe2 Nf6 11. Nbd2 0-0 12. e4 1/2-1/2

[Event "Kemerovo"]
[Site "Kemerovo"]
[Date "2007.08.09"]
[Round "6"]
[White "Dralov, Vladimir"]
[Black "Sazhinov, Alexander"]
[Result "1/2-1/2"]
[WhiteElo "2196"]
[BlackElo "2270"]
[PlyCount "62"]
[EventDate "2007.08.06"]
[EventType "tourn"]
[EventRounds "11"]
[EventCountry "RUS"]
[SourceTitle "CBM 119 Extra"]
[Source "ChessBase"]
[SourceDate "2007.09.04"]
[SourceVersion "1"]
[SourceVersionDate "2007.09.04"]
[SourceQuality "1"]

1. Nf3 c5 2. c4 Nc6 3. Nc3 Nf6 4. e3 d5 5. d4 e6 6. cxd5 exd5 7. Ne5 Be6 8. Bb5 Qb6 9. 0-0 Bd6 10. Bxc6+ bxc6 11. Na4 Qc7 12. f4 c4 13. b3 cxb3 14. Qxb3 0-0 15. Ba3 Rab8 16. Bxd6 Qxd6 17. Qc2 Rfc8 18. Nc5 Ng4 19. f5 Nxe3 20. Qd3 Nxf1 21. fxe6 f6 22. Nf3 Nxh2 23. Nxh2 Rb2 24. Rf1 Rxa2 25. Ng4 Rb8 26. Nd7 Rbb2 27. Ngxf6+ gxf6 28. Nxf6+ Kf8 29. Ne4+ Kg8 30. Nf6+ Kf8 31. Ne4+ Kg8 1/2-1/2

[Event "Kemerovo op"]
[Site "Kemerovo"]
[Date "2007.07.24"]
[Round "3"]
[White "Sazhinov, Alexander"]
[Black "Dralov, Vladimir"]
[Result "1/2-1/2"]
[WhiteElo "2270"]
[BlackElo "2196"]
[PlyCount "94"]
[EventDate "2007.07.23"]
[EventType "swiss"]
[EventRounds "9"]
[EventCountry "RUS"]
[SourceTitle "EXT 2022"]
[Source "ChessBase"]
[SourceDate "2021.10.06"]
[SourceVersion "1"]
[SourceVersionDate "2021.10.06"]
[SourceQuality "1"]

1. d4 d5 2. Nf3 Nf6 3. c4 e6 4. e3 c5 5. a3 cxd4 6. exd4 dxc4 7. Bxc4 Be7 8. 0-0 0-0 9. Nc3 Nbd7 10. Bg5 Nb6 11. Ba2 Bd7 12. Qd3 Bc6 13. Rad1 Nbd5 14. Rfe1 Nxc3 15. bxc3 Bxa3 16. Bb1 g6 17. Ne5 Ba4 18. Rd2 Be7 19. Qh3 Nd5 20. Bh6 Bg5 21. Ra2 Bxh6 22. Qxh6 Nxc3 23. Nxg6 fxg6 24. Bxg6 Qe7 25. Rxe6 Qg7 26. Bxh7+ Qxh7 27. Qg5+ Kh8 28. Qe5+ Kg8 29. Qg5+ Kh8 30. Rh6 Nxa2 31. Qe5+ Kg8 32. Rxh7 Kxh7 33. Qh5+ Kg7 34. Qe5+ Kh7 35. Qh5+ Kg7 36. Qg4+ Kh8 37. Qh5+ Kg7 38. Qg5+ Kh7 39. h4 Nc3 40. Qh5+ Kg8 41. Qg6+ Kh8 42. Qh5+ Kg8 43. d5 Rae8 44. Qg4+ Kh7 45. Qh5+ Kg8 46. Qg4+ Kh7 47. Qh5+ Kg8 1/2-1/2